00548nam a2200157 i 450000100060000000300090000600500170001500700030003200800410003510000370007624501330011326000720024630000210031865000250033985200260036488362ES-MaACL20230906175839.0t|050104s1914 sp ||||1| spa d1 aLaguna Azorín, José María.14aLos tribunales de honor b: la organización y funcionamiento : validez legal de sus fallos / cJosé María Laguna Azorín. aMadrid : b[s.n., c1914] (fImp. de los hijos de M.G. Hernández) a60 p. ; c20 cm. 4aTribunales de honor. aES-MaACLjT-1427-F-11